000 00515nam a2200193Ia 4500
005 20260429112207.0
008 260429s9999||||xx |||||||||||||| ||und||
020 _a9788180941443
041 _aEnglish
082 _a540.9
_bTHO
100 _aThorpe, Sir Edward
245 0 _aHistory of chemistry, Vol. 1 /
_cSir Edward Thorpe
250 _a1st ed.
260 _aChennai :
_bMJP Publishers ,
_c2025.
300 _aviii, 148 p.; hb
650 _a Science history
650 _aChemistry-History
942 _cTB
999 _c52824
_d52824